Cấu trúc câu trong tiểu thuyết “Cõi người rung chuông tận thế” của Hồ Anh Thái

Cơ sở lí luận liên quan đến đề tài. Khảo sát, thống kê các câu theo tiêu chí cấu trúc trong tiểu thuyết Cõi người rung chuông tận thế của Hồ Anh Thái. Vai trò của các cấu trúc câu trong tiểu thuyết Cõi người rung chuông tận thế của Hồ Anh Thái...

Fuld beskrivelse

Đã lưu trong:
Bibliografiske detaljer
Hovedforfatter: Trần Thị Nhung
Andre forfattere: Tạ Thị Toàn (Hướng dẫn)
Format: Bog
Sprog:Vietnamese
Udgivet: Đà Nẵng Đại học Sư phạm, Đại học Đà Nẵng 2013
Fag:
Tags: Tilføj Tag
Ingen Tags, Vær først til at tagge denne postø!
Thư viện lưu trữ: Mạng thư viện Đại học Đà Nẵng
LEADER 01924nam a2200397 4500
001 000018929
003 15364
005 20140311100324.0
008 140221s2013 viesd
041 |a vie 
072 |a VH 
082 1 4 |a 895.922334  |b TR-N 
100 1 |a Trần Thị Nhung 
245 1 0 |a Cấu trúc câu trong tiểu thuyết “Cõi người rung chuông tận thế” của Hồ Anh Thái  |c Trần Thị Nhung ; Tạ Thị Toàn hướng dẫn  |k Khóa luận tốt nghiệp 
260 |a Đà Nẵng  |b Đại học Sư phạm, Đại học Đà Nẵng  |c 2013 
300 |a 67 tr.  |c 29 cm. 
500 |a Khóa luận tốt nghiệp đại học. Chuyên ngành: Cử nhân Văn học 
520 |a Cơ sở lí luận liên quan đến đề tài. Khảo sát, thống kê các câu theo tiêu chí cấu trúc trong tiểu thuyết Cõi người rung chuông tận thế của Hồ Anh Thái. Vai trò của các cấu trúc câu trong tiểu thuyết Cõi người rung chuông tận thế của Hồ Anh Thái 
600 1 4 |a Hồ Anh Thái  |d 1960-  |t Cõi người rung chuông tận thế 
650 0 4 |a Tiểu thuyết Việt Nam  |v Khóa luận tốt nghiệp  |x Hồ Anh Thái 
653 |a Tiểu thuyết Việt Nam 
653 |a Cõi người rung chuông tận thế 
653 |a Khoa Ngữ văn 
653 |a Cấu trúc câu 
653 |a Văn học Việt Nam 
700 1 |a Tạ Thị Toàn  |e Hướng dẫn 
OWN |a LSP 
AVA |a UDN50  |b LSP  |d 895.922334 TR-N  |e available  |t Error 5001 Not defined in file expand_doc_bib_avail.  |f 1  |g 0  |h N  |i 0  |k 1 
999 |a From the UDN01 
AVA |a UDN50  |b LSP  |d 895.922334 TR-N  |e available  |t Error 5001 Not defined in file expand_doc_bib_avail.  |f 1  |g 0  |h N  |i 0  |k 1 
TYP |a Monograph 
TYP |a Printed language 
980 |a Mạng thư viện Đại học Đà Nẵng